| 000 | 00666nam a2200241 a 4500 | ||
|---|---|---|---|
| 001 | 4734 | ||
| 003 | BD-RjUL | ||
| 005 | 20211208233939.0 | ||
| 008 | 131223s1974 ii 00| 0 eng d | ||
| 035 | _a(BD-RjUL)4769 | ||
| 040 |
_aBD-RjUL _beng _cBD-RjUL _dBD-RjUL |
||
| 041 | _aeng | ||
| 082 |
_a341 _220 _bMIP 1974 |
||
| 100 | 1 |
_aMisra, Surya Narayan _914925 |
|
| 245 | 1 | 0 |
_aPublic international law / _cSurya Narayan Misra |
| 250 | _a1st. ed. | ||
| 260 |
_aAllahabad : _bCentral law agency, _c1974 |
||
| 300 |
_axviii, 497 p. ; _c24 cm |
||
| 504 | _aIncludes bibliography and index | ||
| 650 | 0 |
_aInternational law _914926 |
|
| 942 |
_2ddc _cBK |
||
| 999 |
_c4734 _d4734 |
||